000
00241nam a22000857a 4500
008
160701b xxu||||| |||| 00| 0 eng d
100
_9
1749
_a
Aggarwal
245
_a
Senior Secondary School Assignments - XII
260
_a
Patna
_b
Bharate Bhawan
_c
1994
999
_c
1455
_d
1455